000 00668nam a22002297a 4500
003 UA-OsUOA
001 48014
007 ta
008 20121114b un ||||| |||| 00| 0 ukr d
090 _a94(477).08
_bК82
942 _cBK
040 _aUA-OsUOA
_bukr
_cUA-OsUOA
_dUA-OsUOA
245 _aКривава книга
300 _a279 с.
955 _a4
041 _aukr
080 _a94(477).08
260 _aДрогобич
_bВідродження
_c1994
650 7 _a9 Географія. Біографії. Історія
_2UDC
999 _c428110
_d428110